000 01061cam a22002895a 4500
001 L159351
008 161010s2016 xxk f 000 0 eng d
020 _a9781137520371
035 _a(Sirsi) u159351
041 0 _aeng
050 0 4 _a692.8
100 1 _aThomas, Reg
245 0 0 _aConstruction contract claims
250 _a4th ed.
260 _aBasingstoke
_bPalgrave
_c2016
520 _aConsiders difficulties that may arise in claims nationally and internationally, with reference to case law and a methodical approach to a variety of examples. Includes references to the NEC3 and JCT and FIDIC contracts.
520 _aSupersedes 3 ed 9780230242852
590 _aKA
650 2 4 _aWALTER LILLY & CO LTD V MACKAY AND ANOTHER
650 2 4 _aCAVENDISH SQUARE HOLDING BV V TALAL EL MAKDESSI
650 2 4 _aPARKING EYE LTD V BEAVIS
650 2 4 _aOSBRASCON HUARTE LAIN SA V HER MAJESTY'S ATTORNEY GENERAL FOR GIBRALTAR
651 4 _aEngland and Wales
_y1543-
690 _aConstruction management
_96230
700 1 _aWright, M.
942 _n0
999 _c115827
_d115827